opac header logoIBA Library

Manufacruring ideology : (Record no. 704)

MARC details
000 -LEADER
fixed length control field 00462nam a22001697a 4500
003 - CONTROL NUMBER IDENTIFIER
control field BD-DhUIB
005 - DATE AND TIME OF LATEST TRANSACTION
control field 20260517194822.0
008 - FIXED-LENGTH DATA ELEMENTS--GENERAL INFORMATION
fixed length control field 260517b |||||||| |||| 00| 0 eng d
020 ## - INTERNATIONAL STANDARD BOOK NUMBER
International Standard Book Number 0691014569
040 ## - CATALOGING SOURCE
Original cataloging agency BD-DhUIB
Transcribing agency BD-DhUIB
082 ## - DEWEY DECIMAL CLASSIFICATION NUMBER
Edition number 22
245 ## - TITLE STATEMENT
Title Manufacruring ideology :
Remainder of title scientific management intwentieth century Japan/
Statement of responsibility, etc. by William M. Tsutsui.
260 ## - PUBLICATION, DISTRIBUTION, ETC.
Date of publication, distribution, etc. c1998
300 ## - PHYSICAL DESCRIPTION
Extent xi, 279p. :
Other physical details illus. ;
Dimensions 20cm.
526 ## - STUDY PROGRAM INFORMATION NOTE
Program name BBA
942 ## - ADDED ENTRY ELEMENTS (KOHA)
Source of classification or shelving scheme Dewey Decimal Classification
Koha item type Books
Holdings
Withdrawn status Lost status Source of classification or shelving scheme Damaged status Not for loan Collection code Home library Current library Shelving location Date acquired Source of acquisition Total Checkouts Full call number Barcode Date last seen Price effective from Koha item type
    Dewey Decimal Classification     Non-fiction IBA Library IBA Library General Stacks 05/10/2026 Gift.   658.00952 00051728 05/17/2026 05/17/2026 Books
Copyright © 2021-2026 | IBA Library
Institute of Business Administration (IBA)
University of Dhaka
Library Home | IBA Home